Optimalizácia finančnej a kapitálovej štruktúry

Optimalizácia finančnej a kapitálovej štruktúry podniku z pohľadu rôznych autorov. Praktické nástroje optimalizácie finančnej a kapitálovej štruktúry. Štyri základné zlaté pravidlá financovania, ktoré by mali finanční manažéri rešpektovať v rámci financovania podnikov - zlaté bilančné pravidlo, zlat...

Descrizione completa

Salvato in:
Dettagli Bibliografici
Autore principale: Freňáková, Magdaléna, 1981-
Altri autori: Baldovský, Martin
Natura: Capitolo di libro
Lingua:slovacco
Soggetti:
Tags: Aggiungi Tag
Nessun Tag, puoi essere il primo ad aggiungerne!!

MARC

LEADER 00000nla a2200000 4500
001 0225247
005 20240502073706.9
041 0 |a slo 
044 |a SK 
245 1 0 |a Optimalizácia finančnej a kapitálovej štruktúry  |c Magdaléna Freňáková, Martin Baldovský 
520 |a Optimalizácia finančnej a kapitálovej štruktúry podniku z pohľadu rôznych autorov. Praktické nástroje optimalizácie finančnej a kapitálovej štruktúry. Štyri základné zlaté pravidlá financovania, ktoré by mali finanční manažéri rešpektovať v rámci financovania podnikov - zlaté bilančné pravidlo, zlaté pari pravidlo, zlaté pravidlo vyrovnania rizika, zlaté pomerové pravidlo. Model pre skúmanie optimálnej zadlženosti (Neumaierová – Neumaier). 
610 2 0 |a podnik 
610 2 0 |a financie podnikové 
610 2 0 |a štruktúra podniku finančná 
610 2 0 |a štruktúra kapitálová 
610 2 0 |a optimalizácia 
610 2 0 |a zadlženosť vnútorná 
100 1 |a Freňáková, Magdaléna, 1981- 
700 1 |a Baldovský, Martin